000
00348pab a2200157 454500
008
180718b2007 xxu||||| |||| 00| 0 eng d
100
_a
Amritavalli
245
_a
English in a knowledge society
260
_c
2007
300
_a
p.118-19.
362
_a
26 Dec
650
_a
English
773
_a
University News
908
_a
N
909
_a
76818
999
_c
76818
_d
76818